000 00667nam a2200241Ia 4500
003 OSt
005 20221007102022.0
006 a|||||r|||| 00| 0
007 ta
008 221006b |||||||| |||| 00| 0 eng d
024 _a9,200
037 _cTextual
040 _aLCO
_cLCO
_beng
041 _2eng
_aeng
082 _aZ2,8y7'N50, P0
245 0 _aSUPREME COURT millenium digest, 1950-2000
260 _aNagpur
_bAll India Reporter
_c2000
300 _a998,980,1032,1076,871,848,828,888,1066,1116,1086,1040
490 _vV12
650 _aDIGEST
_9702643
942 _hZ2,8y7'N50, P0
_cTEXL
999 _c1178763
_d1178763